000 00713nam a2200229Ia 4500
001 22088
005 20260416140805.0
008 260320s9999||||xx |||||||||||||| ||und||
022 _a23053259
041 _aESP
082 _aHR 346 DIC 2025
_bGCP
110 _aGaceta Jurídica
245 0 _aGaceta civil & procesal civil :
_binformación especializada para abogados y jueces
260 _aLima :
_bGaceta Jurídica,
_c2025
300 _a247 páginas :
_c25 cm.
505 _aTomo 150 (2025)
650 _aCIS
653 _aDerecho - Revista
654 _aDER
856 _uhttps://0u214rvn3-y-https-app-vlex-com.itmsp.museknowledge.com/
_zVéase además: Base de datos Vlex
942 _cREV
_dJUS
_fTRC
_2ddc
999 _c22088
_d22088